Литературные произведения по их второстепенным персонажам - Statistics

General Stats
  • This quiz has been taken 19 times
  • The average score is 11 of 15
Answer Stats
Персонажи Произведение % Correct
Фамусов, Репетилов, Скалозуб Горе от ума
100%
Синяя гусеница, Чеширский кот, Червонная королева Алиса в Стране чудес
100%
Татьяна Ларина, Владимир Ленский Евгений Онегин
94%
Рон Уизли, Гермиона Грейнджер, Северус Снейп Гарри Поттер
94%
Знайка, Пончик, Винтик, Шпунтик Незнайка на Луне
94%
Мармеладов, Свидригайлов, Лужин Преступление и наказание
88%
Джон Уотсон, мисс Хадсон, инспектор Лестрейд Шерлок Холмс
88%
Анатоль Курагин, Платон Каратаев, Фёдор Долохов Война и мир
88%
Гэндальф, Арагорн, Саурон Властелин колец
82%
Грушницкий, Вулич, Казбич Герой нашего времени
71%
Сквозник-Дмухановский, Ляпкин-Тяпкин, Земляника Ревизор
65%
Настасья Филипповна, Парфён Рогожин, Ганя Иволгин Идиот
41%
Балин, Двалин, Фили, Кили, Бифур, Бофур, Бомбур Хоббит, или Туда и обратно
35%
Дункан Айдахо, леди Джессика, Владимир Харконнен Дюна
18%
Тринкуло, Просперо, Калибан Буря
12%
No matching quizzes found
Score Distribution
Percent of People with Each Score
Percentile by Number Answered
Your Score History
You have not taken this quiz